书目信息 |
| 题名: |
居住环境
|
|
| 作者: | 浅见泰司 编著 | |
| 分册: | ||
| 出版信息: | 北京 清华大学出版社 2006.05 |
|
| 页数: | 383页 | |
| 开本: | 20cm | |
| 丛书名: | ||
| 单 册: | ||
| 中图分类: | X821 | |
| 科图分类: | ||
| 主题词: | 居住环境--评价--分析(化学) , 环境质量--评价 | |
| 电子资源: | ||
| ISBN: | 7-302-12059-5 | |
| 000 | 00673nam0 2200217 450 | |
| 001 | 0653992844 | |
| 005 | 20061010153104.45 | |
| 010 | @a7-302-12059-5@dCNY 39.80 | |
| 100 | @a20060818d2006 km y0chiy0120 ea | |
| 101 | 0 | @achi |
| 102 | @aCN@b110000 | |
| 200 | 1 | @a居住环境@Aju zhu huan jing@e评价方法与理论@f(日)浅见泰司编著@F(ri)qian jian tai si bian zhu |
| 210 | @a北京@c清华大学出版社@d2006.05 | |
| 215 | @a383页@d20cm | |
| 517 | 1 | @a评价方法与理论@Aping jia fang fa yu li lun |
| 606 | 0 | @a居住环境@x评价@x分析(化学) |
| 606 | 0 | @a环境质量@x评价 |
| 690 | @aX821@v4 | |
| 701 | 0 | @a浅见泰司@Aqian jian tai si@4编著 |
| 801 | @aCN@c20061010 | |
| 905 | @a10447@dX821@eQ291 | |
| 居住环境:评价方法与理论/(日)浅见泰司编著.-北京:清华大学出版社,2006.05 |
| 383页;20cm |
| ISBN 7-302-12059-5:CNY 39.80 |
| ● |
| 相关链接 |
|
|
|
正题名:居住环境
索取号:X821/Q291
 
预约/预借
| 序号 | 登录号 | 条形码 | 馆藏地/架位号 | 状态 | 备注 |
| 1 | 609090 | 206090905 | 自科库501/501自科库 113排2列6层/ [索取号:X821/Q291] | 在馆 | |
| 2 | 609091 | 206090914 | 自科二线504/501自科库 113排2列6层/ [索取号:X821/Q291] | 在馆 |